000 03540nam a2200289 4500
001 113517
003 DR-UNIBE
005 20250430094746.0
008 250429b2023 dr ||||| |||| 00| 0 spa d
020 _a9789945643695 (impreso)
020 _a9789945643718 (electrónico)
040 _aBIBLIOTECA UNIBE
_bspa
_cBIBLIOTECA UNIBE
041 _aspa
082 _222
_aRD 342.72930269 R426t 2023
110 1 _aRepública Dominicana.
_bTribunal Constitucional
_eautor
_934251
245 1 3 _aEl tribunal que da la cara al pueblo :
_bmemorias de las presentaciones de los jueces del pleno del TC en las provincias de República Dominicana /
_cTribunal Constitucional
250 _aPrimera edición
260 _aSanto Domingo :
_bTribunal Constitucional. Centro de Estudios Constitucionales,
_c2023
300 _a2 volúmenes :
_bilustraciones, fotografías a color ;
_c27 cm
505 0 _aIntegrantes del pleno del Tribunal Constitucional 2012-2018 | Integrantes del pleno del Tribunal Constitucional 2018-2020 | Integrantes del pleno del Tribunal Constitucional 2020-2023 | Palabras de presentación del magistrado presidente Dr. Milton Ray Guevara | Semana constitucional en las provincias | Audiencia solemne de instalación | Síntesis histórica de la evolución de la Constitución y la creación del Tribunal Constitucional | La Constitución de Duarte y la creación del Tribunal Constitucional | Santiago y el liberalismo constitucional | El ciudadano en la Constitución dominicana del 2010 | Mujer: derecho y Constitución | Higüey: una simiente del Tribunal Constitucional | Los derechos económicos a partir de la Constitución dominicana 2010 | El Tribunal Constitucional y los derechos económicos y sociales en la Constitución de 2010 | Barahona: de la libertad a la constitucionalidad | Duarte: primer constitucionalista dominicano | El rol del Tribunal Constitucional en la protección de los derechos fundamentales | El legado constitucional de Puerto Plata | La Constitución de Moca de 1858 | Semana constitucional, tolerancia y soberanía | Los tribunales constitucionales como motor de cambio social | La vida en constitución | Azua y la Constitución | María Trinidad Sánchez: Constitución y Tribunal Constitucional | Soberanía y nacionalidad en el constitucionalismo dominicano | El Tribunal Constitucional y los derechos fundamentales | Pedernales: dignidad y constitucionalidad | El Tribunal Constitucional de la República Dominicana garantiza tus derechos | La Constitución: ¿pedazo de papel o proyecto de nación? | Detengamos la violencia contra la mujer | La soberanía dominicana | Neyba: de la acción libertaria a la constitucionalidad | Hato Mayor del Rey. Historia de su fundación e influencia en la independencia y restauración de la República Dominicana | Sánchez Ramírez: aporte esencial a la identidad nacional | Más Constitución | Dajabón: su gente y su historia | ¿De qué hablamos cuando hablamos del Tribunal Constitucional? | Ocoa de pie: desde el padre Quinn hacia el Estado social y democrático de derecho en la Constitución dominicana | Fuentes bibliográficas - provincias
610 1 4 _aRepública Dominicana.
_bTribunal Constitucional
_934251
651 7 _2lemb
_aRepública Dominicana
_xDerecho constitucional
_95535
700 1 _aAbreu Hernández, Mildren Lisette
_ecuidado de edición
_9194700
700 1 _aDíaz Guerra, Eduard
_ecorrección
_9194701
700 1 _aRay Guevara, Milton,
_d1948-
_epresentación
942 _2ddc
_cBK
999 _c113517
_d113517